000 00600nam a2200193 a 4500
001 000040887
005 20201002034443.0
008 130910s1999 sp 000 0 spa d
020 _a9788432207716
040 _aDO-SdBNP
_bspa
_cBNPHU
082 _axxxx
_bxxxx
100 1 _aSantos, Luis Martín
_d1924-
_967317
245 1 0 _aTiempo de Silencio /
_cLuis Martín Santos.
260 _aBarcelona, :
_bSeix Barral,
_c1999.
300 _a286 p. ;
_c23 cm.
490 1 _aBiblioteca breve
500 _aIncluye datos biográficos del autor en la solapa de la cubierta
830 0 _aBiblioteca breve
_913442
999 _c40377
_d40377